ITRODUCTION TO GENERALIZED ELECTRICAL MACHINES THEORY (Record no. 583949)

000 -LEADER
fixed length control field 00287nam a22001097a 4500
082 ## - DEWEY DECIMAL CLASSIFICATION NUMBER
Classification number 621.31042 OKE'I
100 ## - MAIN ENTRY--PERSONAL NAME
Personal name SIMMONS, S,O' KELLY, D
9 (RLIN) 78885
245 ## - TITLE STATEMENT
Title ITRODUCTION TO GENERALIZED ELECTRICAL MACHINES THEORY
260 ## - PUBLICATION, DISTRIBUTION, ETC.
Place of publication, distribution, etc. ISLAMABAD
Name of publisher, distributor, etc. NATIONAL
Date of publication, distribution, etc. 1957
300 ## - PHYSICAL DESCRIPTION
Extent 209P
942 ## - ADDED ENTRY ELEMENTS (KOHA)
Koha item type Book
Holdings
Withdrawn status Lost status Damaged status Not for loan Permanent Location Current Location Shelving location Date acquired Total Checkouts Full call number Barcode Date last seen Price effective from Koha item type
        College of Electrical & Mechanical Engineering (CEME) College of Electrical & Mechanical Engineering (CEME) General Stacks 06/21/2017   621.31042 OKE'I CEME-7474 06/28/2021 06/28/2021 Book
        College of Electrical & Mechanical Engineering (CEME) College of Electrical & Mechanical Engineering (CEME) General Stacks 06/21/2017   621.31042 OKE'I CEME-7475 06/28/2021 06/28/2021 Book
© 2023 Central Library, National University of Sciences and Technology. All Rights Reserved.